| 000 | 00681cam a2200241 4500 | ||
|---|---|---|---|
| 001 | 4322 | ||
| 005 | 20181127173151.0 | ||
| 008 | 110623s2012 nyu 000 f eng | ||
| 010 | _a 2011024937 | ||
| 020 | _a97807553805348 | ||
| 042 | _apcc | ||
| 043 | _an-us-ak | ||
| 100 | 1 | _aIvey, Eowyn. | |
| 245 | 1 | 4 |
_aThe snow child / _b _cEowyn Ivey. |
| 250 | _a1st ed. | ||
| 260 |
_aNew York : _bHeadline Review, _c2013. |
||
| 300 |
_a436 p. ; _c22 cm. |
||
| 500 | _a""A Reagan Arthur book."" | ||
| 650 | 0 |
_aFairy tales _vAdaptations. |
|
| 650 | 0 |
_aFrontier and pioneer life _zAlaska _vFiction. |
|
| 651 | 0 |
_aAlaska _xHistory _y1867-1959 _vFiction. |
|
| 655 | 0 | _aMagic realism (Literature) | |
| 999 |
_c3570 _d3570 |
||